000 005010000a22001930004500
999 _c47818
_d47818
001 614
003 CO-MdFUSB
005 20170830170739.0
008 170830b xxu||||| |||| 00| 0 eng d
020 _a0-679-80419-6
040 _cCO-MdBIC
082 0 4 _a813C B45bsl
100 1 _aBerenstain, Stan & Jan
245 1 0 _aThe Berenstain Bears and the Slumber Party / Stan & Jan Berenstain
260 _aNew York : Random House
300 _a[32 p. ]
650 1 4 _aLiteratura Infantil
942 _cLGB